Statistics for Ligue 1 2013-2014 best attacks

Click here to take the quiz!

General Stats

  • This quiz has been taken 25 times
  • The average score is 11 of 20

Answer Stats

Rank Club Goals Final Classement % Correct
1Paris SG84
100%
2Monaco63
91%
-Lyon565e
83%
3Saint-Etienne564e
78%
5Marseille53
74%
6Bordeaux49
70%
9Lille463e
65%
20Nice30
61%
8Rennes47
57%
-Toulouse469e
57%
7Lorient48
48%
16Sochaux3718e
48%
-Ajaccio3720e
48%
13Bastia42
43%
15Nantes38
43%
12Reims44
39%
14Evian39
39%
-Valenciennes3719e
39%
11Montpellier45
35%
19Guingamp34
30%

Score Distribution

Percentile by Number Answered

Percent of People with Each Score

Your Score History

You have not taken this quiz